Estatísticas para Países com Maior Carga Tributária

Clique aqui para jogar o quiz

Estatísticas Gerais

  • Esse quiz foi jogado 4 198 vezes
    (2 154 desde o último reset)
  • A pontuação média é 15 de 20

Estatísticas das Respostas

%ContinentePaís% Correto
38.2EuropaAlemanha
91%
46.1EuropaFrança
91%
35.4EuropaPortugal
89%
42.1EuropaItália
88%
43.9EuropaSuécia
88%
39.0EuropaNoruega
85%
42.7EuropaFinlândia
83%
44.9EuropaDinamarca
81%
38.8EuropaPaíses Baixos
79%
44.9EuropaBélgica
78%
38.7EuropaGrécia
76%
42.2EuropaÁustria
74%
40.1EuropaLuxemburgo
70%
36.6EuropaHungria
69%
43.5América do NorteCuba
68%
36.4EuropaEslovênia
67%
36.7EuropaIslândia
67%
35.3EuropaRepública Tcheca
64%
38.4EuropaMontenegro
48%
37.2ÁfricaArgélia
36%

Distribuição das Pontuações

Percentil de Números Respondidos

Porcentagem de Pessoas com Cada Pontuação

Sua Pontuação Histórica

Você não jogou esse quiz desde o último reset